00726nam a2200217Ia 4500003000400000005001700004008004100021020002900062040001700091082001600108100001200124245007800136260003100214300002000245500005100265650002900316700001800345942000900363952012100372999001500493IIN20250520110330.0250520s2024 xx ad 000 0 eng d a9789393885951cRs.750.00 aIINbEnglish a610.73bANB1 aAnbu, T1 aExam Booster Fifth Semester Basic B.Sc Nursing /cT. Anbu & G. Loganathan aBangalore :bEMMESS,c2024 avi, 360p.bill. a According to INC new syllabus 2021-22 onwards aQuestion SolvedvNursing1 aLoganathan, G cBOOK 00102ddc40708PURCHaIINbIINcGENd2025-03-11g750.00l0o610.73 ANBp2038r2025-05-20 11:03:49w2025-05-20yREF c1823d1823